Handbook of complementary methods in education research (Record no. 1391048)

MARC details
000 -LEADER
fixed length control field 00597nam a2200193Ia 4500
005 - DATE AND TIME OF LATEST TRANSACTION
control field 20250508164754.0
008 - FIXED-LENGTH DATA ELEMENTS--GENERAL INFORMATION
fixed length control field 008 250505s9999 xx 000 0 eng d
037 ## - SOURCE OF ACQUISITION
Stock number Reference
040 ## - CATALOGING SOURCE
Original cataloging agency FEDL
Language of cataloging eng
Transcribing agency FEDL
041 ## - LANGUAGE CODE
Language code of text/sound track or separate title eng
Source of code eng
084 ## - COLON CLASSIFICATION NUMBER
Classification number 001.42, GRE/RR
Assigning agency FEDL
100 ## - MAIN ENTRY--PERSONAL NAME
Personal name Green Judith L and others Ed.
9 (RLIN) 779128
245 #0 - TITLE STATEMENT
Title Handbook of complementary methods in education research
260 ## - PUBLICATION, DISTRIBUTION, ETC.
Place of publication, distribution, etc. London, UK
Name of publisher, distributor, etc. Lawrence Erlbaum Associates Publishers
Date of publication, distribution, etc. 2006
300 ## - PHYSICAL DESCRIPTION
Extent xxix,865p.
365 ## - TRADE PRICE
Price type code GBP
Price amount 65
942 ## - ADDED ENTRY ELEMENTS (KOHA)
Koha item type Reference
Classification part 001.42, GRE/RR
Holdings
Withdrawn status Lost status Damaged status Not for loan Home library Current library Date acquired Cost, normal purchase price Total Checkouts Full call number Barcode Date last seen Price effective from Koha item type
        Department of Education Library Department of Education Library 2025-05-08 65.00   001.42, GRE/RR EL0084675 2025-05-08 2025-05-08 Reference
Copyright @ Delhi University Library System